000
00304cam a2200121ua 4500
082
_a
611
_b
BHA/MA
100
_a
Bhaskara Paniker, P .
_9
1792
245
_a
Manushyante Anatomium Physiologium /
250
_a
1 /
260
_a
Eranakulam :
_b
Prabhath Book House ,
_c
1960.
300
_a
68 ; .
942
_c
BK
999
_c
6655
_d
6655